000 00454nam a2200133 4500
999 _c9288
_d9288
008 180427b ||||| |||| 00| 0 eng d
082 _aDPer 050 Dec 2015-Mar 2016 T48 v186-187
100 _927649
_aRushkoff, Douglas.
245 _aStartups are not as disruptive as they appear/
_cDouglas Rushkoff.
260 _aNew York:
_bTime Inc.,
_c©Dec 2015-Mar 2016.
300 _av187 n10, page 15:
_c27 cm.
650 0 _927650
_aBusiness.
942 _2ddc
_cPER